00662 2200241 4500001002100000005001700021008004100038020001800079035002400097041000800121043001300129082000800142090001900150100002400169245008000193250001700273260002700290300003000317504001700347650002200364850001200386999002200398YOGYA-0711000000104020110721074159.0 ind  a979-503-502-9 0010-071100000001040 aInd aYOPD DIY a400 aDEP 400bBur P aBURHAN NURGIYANTORO aPenilaian pembelajaran bahasa berbasis kompetensicoleh Burhan Nurgiyantoro aEd. 1 Cet. 1 aYogyakartabBPFEc2010 aXVI, 510 hlmbilusc24 cm ahlm. 495-496 aBahasa, penilaian aYOPDYOG aCB-D.11-2010-1929